[Event "Montcalm II 1999-2000"]
[Site "Quebec CAN"]
[Date "1999.10.21"]
[Round "2"]
[White "Auger, Bertrand"]
[Black "Richard, Christian"]
[Result "1-0"]
[WhiteElo "2062"]
[BlackElo "1647"]
[PlyCount "93"]
[GameId "2160767911742065"]
[EventDate "1999.10.07"]
[EventType "swiss"]
[EventRounds "4"]
[EventCountry "CAN"]

1. Nf3 d6 2. d4 c5 3. g3 cxd4 4. Nxd4 g6 5. Bg2 Bg7 6. O-O Qb6 7. Nb3 Nc6 8. Be3 Qc7 9. Nc3 Bf5 10. Nd5 Qd7 11. Nd4 Nxd4 12. Bxd4 e5 13. Be3 Nf6 14. Bh6 O-O 15. Nxf6+ Bxf6 16. Bxf8 Kxf8 17. c3 e4 18. Qd5 Qc6 19. Rfd1 Rd8 20. h4 a6 21. e3 Qxd5 22. Rxd5 Be6 23. Rd2 d5 24. f3 Be5 25. Kf2 f5 26. Rad1 Rc8 27. a3 Rc5 28. f4 Bf6 29. Bf1 h6 30. Be2 h5 31. Ra1 Ke7 32. a4 Bd7 33. Bd1 Ke6 34. Bb3 b5 35. Rad1 Bc6 36. axb5 axb5 37. Rd4 Bxd4 38. cxd4 Rc4 39. Bxc4 dxc4 40. Ke2 b4 41. Kd2 Kd6 42. Ra1 Kc7 43. Ra5 Kb6 44. Rc5 Bb5 45. Rc8 c3+ 46. bxc3 b3 47. c4 1-0

[Event "Montcalm II 1999-2000"]
[Site "Quebec CAN"]
[Date "1999.10.21"]
[Round "2"]
[White "Gago, Nelson"]
[Black "Pescarus, Radu"]
[Result "1-0"]
[WhiteElo "1812"]
[BlackElo "2049"]
[PlyCount "71"]
[GameId "2160767911742066"]
[EventDate "1999.10.07"]
[EventType "swiss"]
[EventRounds "4"]
[EventCountry "CAN"]
[SourceTitle "EXT 2009"]
[Source "ChessBase"]
[SourceDate "2008.11.26"]
[SourceVersion "1"]
[SourceVersionDate "2008.11.26"]
[SourceQuality "1"]

1. c4 Nf6 2. g3 g6 3. Bg2 Bg7 4. Nc3 O-O 5. e3 d6 6. Nge2 e5 7. O-O c6 8. b4 Be6 9. d3 Qd7 10. Rb1 Bh3 11. Bb2 Bxg2 12. Kxg2 Na6 13. Ba1 Nc7 14. Ng1 Rad8 15. Qe2 Nh5 16. g4 Nf6 17. f3 Nfe8 18. a3 f5 19. Rbe1 Ne6 20. Nh3 Nf6 21. gxf5 gxf5 22. Rg1 Kh8 23. Kh1 Rg8 24. Rg2 d5 25. Reg1 d4 26. Nd1 dxe3 27. Qxe3 Qxd3 28. Bxe5 Qxe3 29. Nxe3 Rdf8 30. Nxf5 Ne8 31. Ne7 Rxf3 32. Nxg8 Bxe5 33. Nh6 Bg7 34. Ng5 Nxg5 35. Rxg5 Rxa3 36. Nf5 1-0

[Event "Montcalm II 1999-2000"]
[Site "Quebec CAN"]
[Date "1999.10.28"]
[Round "3"]
[White "Gago, Nelson"]
[Black "Gaspariants, Vladimir"]
[Result "0-1"]
[WhiteElo "1812"]
[BlackElo "2280"]
[PlyCount "106"]
[GameId "2160767911742067"]
[EventDate "1999.10.07"]
[EventType "swiss"]
[EventRounds "4"]
[EventCountry "CAN"]
[SourceTitle "EXT 2009"]
[Source "ChessBase"]
[SourceDate "2008.11.26"]
[SourceVersion "1"]
[SourceVersionDate "2008.11.26"]
[SourceQuality "1"]

1. c4 Nf6 2. g3 g6 3. Bg2 Bg7 4. Nf3 O-O 5. Nc3 d6 6. O-O e5 7. d3 c6 8. Bd2 h6 9. b4 Be6 10. h3 Qc8 11. Kh2 Nbd7 12. b5 Nc5 13. Rb1 g5 14. Na4 Nxa4 15. Qxa4 c5 16. Qc2 g4 17. Ng1 h5 18. Qc1 Kh7 19. Bg5 Ng8 20. hxg4 hxg4 21. e3 f6 22. Be4+ f5 23. Bg2 Bf6 24. Bxf6 Rxf6 25. Ne2 Rh6+ 26. Kg1 Nf6 27. Rd1 Kg7 28. Kf1 Kf7 29. e4 Rh5 30. exf5 Bxf5 31. Nc3 Qd7 32. Ne4 Bxe4 33. Bxe4 Nxe4 34. dxe4 Qe6 35. Qc3 Rh2 36. Rb2 Ke7 37. Rbd2 Rf8 38. Qd3 Rf6 39. Kg1 Rfh6 40. Kf1 Qf6 41. Rc2 Qf3 42. Qxf3 gxf3 43. Ke1 Rg2 44. Kd2 Rxf2+ 45. Kd3 Rxc2 46. Kxc2 Rh2+ 47. Kb3 Rg2 48. Rf1 Rxg3 49. Rf2 Kf6 50. Kc3 Kg5 51. Kd3 Kf4 52. a4 Rg2 53. Rf1 Ra2 0-1

[Event "Montcalm II 1999-2000"]
[Site "Quebec CAN"]
[Date "1999.10.28"]
[Round "3"]
[White "Plante, Hendrick"]
[Black "Auger, Bertrand"]
[Result "0-1"]
[WhiteElo "1578"]
[BlackElo "2062"]
[PlyCount "74"]
[GameId "2160767911742068"]
[EventDate "1999.10.07"]
[EventType "swiss"]
[EventRounds "4"]
[EventCountry "CAN"]

1. d4 e6 2. c4 Nf6 3. Nf3 b6 4. e3 Bb7 5. Be2 Be7 6. O-O O-O 7. Nc3 d6 8. Qc2 Nbd7 9. e4 e5 10. d5 Re8 11. Ne1 Bf8 12. g3 g6 13. Ng2 Bg7 14. Bd2 a5 15. Rae1 Nc5 16. Bd1 Qd7 17. f4 exf4 18. gxf4 Ng4 19. Bf3 Bd4+ 20. Ne3 Re7 21. Kh1 h5 22. Nb5 Nxe3 23. Bxe3 Bxe3 24. Rxe3 Rae8 25. Rfe1 c6 26. Nc3 cxd5 27. Nxd5 Bxd5 28. cxd5 Qc7 29. Qe2 Nd7 30. Bxh5 Nf6 31. Bxg6 fxg6 32. Qd3 Ng4 33. Rf3 Rh7 34. e5 Rxh2+ 35. Kg1 Qh7 36. Kf1 Qh6 37. e6 Rxb2 0-1

[Event "Montcalm II 1999-2000"]
[Site "Quebec CAN"]
[Date "1999.11.04"]
[Round "4"]
[White "Auger, Bertrand"]
[Black "L'Heureux, Clement"]
[Result "0-1"]
[WhiteElo "2062"]
[BlackElo "1891"]
[PlyCount "58"]
[GameId "2160767911742069"]
[EventDate "1999.10.07"]
[EventType "swiss"]
[EventRounds "4"]
[EventCountry "CAN"]

1. Nf3 d5 2. g3 c6 3. b3 e6 4. Bb2 Nf6 5. Bg2 Nbd7 6. O-O Bd6 7. d4 Qc7 8. Nbd2 O-O 9. c4 b6 10. Rc1 Qb8 11. cxd5 cxd5 12. Ne1 Bb7 13. Nd3 Rc8 14. Rxc8+ Qxc8 15. Qb1 Qf8 16. Ne5 Rc8 17. Re1 Bb4 18. Nxd7 Nxd7 19. Qd3 Nb8 20. Nf3 Ba6 21. Qd1 Bxe1 22. Nxe1 Qd6 23. e4 Qc6 24. exd5 exd5 25. Qh5 Re8 26. Qd1 Re2 27. Bc1 Qc3 28. Nf3 Rxa2 29. Be3 Ra1 0-1

[Event "Montcalm IV 1998-99"]
[Site "Quebec CAN"]
[Date "1999.01.14"]
[Round "1"]
[White "Beaudry, Marc-Andre"]
[Black "Dumont, Eric"]
[Result "1-0"]
[WhiteElo "2087"]
[BlackElo "1557"]
[PlyCount "99"]
[GameId "2160767911805773"]
[EventDate "1999.01.14"]
[EventType "swiss"]
[EventRounds "5"]
[EventCountry "CAN"]

1. c4 e5 2. Nc3 Nf6 3. Nf3 Nc6 4. g3 d5 5. cxd5 Nxd5 6. Bg2 Nb6 7. O-O Be7 8. a3 Be6 9. b4 a6 10. Bb2 Nc4 11. Bc1 O-O 12. d3 Nd6 13. Bb2 f6 14. Rc1 Nf5 15. Ne4 Rb8 16. Nc5 Bxc5 17. Rxc5 Qd7 18. Qc2 Rbc8 19. Rc1 Nfe7 20. Nd2 Bd5 21. Rxd5 Nxd5 22. Qc4 Rfd8 23. e4 Kh8 24. exd5 Nb8 25. Ne4 Qxd5 26. Qxd5 Rxd5 27. Nc5 Rd6 28. Bxb7 Rcd8 29. Be4 Re8 30. g4 c6 31. Nb7 Rd7 32. Na5 Red8 33. Nxc6 Nxc6 34. Rxc6 Ra7 35. f4 exf4 36. Rxf6 gxf6 37. Bxf6+ Kg8 38. Bxd8 Rd7 39. Bb6 h6 40. Kf2 Kg7 41. Kf3 Rf7 42. a4 Kf8 43. Bc5+ Kg7 44. b5 axb5 45. axb5 h5 46. g5 h4 47. b6 Rd7 48. b7 Rd8 49. Bd4+ Kg8 50. g6 1-0

[Event "Montcalm IV 1998-99"]
[Site "Quebec CAN"]
[Date "1999.01.14"]
[Round "1"]
[White "Grant, James"]
[Black "Caire, Francois"]
[Result "0-1"]
[WhiteElo "1473"]
[BlackElo "1872"]
[PlyCount "70"]
[GameId "2160767911805774"]
[EventDate "1999.01.14"]
[EventType "swiss"]
[EventRounds "5"]
[EventCountry "CAN"]
[SourceTitle "EXT 2022"]
[Source "ChessBase"]
[SourceDate "2021.10.06"]
[SourceVersion "1"]
[SourceVersionDate "2021.10.06"]
[SourceQuality "1"]

1. d4 Nf6 2. c4 e6 3. Nc3 Bb4 4. Qc2 O-O 5. Nf3 b6 6. Bd2 Bb7 7. e3 d6 8. O-O-O Nbd7 9. Bd3 c5 10. h3 Qc7 11. Ne2 Bxd2+ 12. Rxd2 Rac8 13. Ng3 cxd4 14. exd4 b5 15. b3 bxc4 16. Bxc4 d5 17. Be2 Qa5 18. Kb2 Rxc2+ 19. Rxc2 Rc8 20. Rhc1 Rxc2+ 21. Rxc2 Qb6 22. Bd3 Ne4 23. Nf1 Kf8 24. Ne3 h6 25. Bxe4 dxe4 26. Nc4 Qd8 27. Ne1 Nb6 28. Rd2 Ba6 29. Ne3 Qd6 30. a3 f5 31. g3 g5 32. N1c2 Bd3 33. Nb4 Qxd4+ 34. Ka2 Bb1+ 35. Kxb1 Qxd2 0-1

[Event "Montcalm IV 1998-99"]
[Site "Quebec CAN"]
[Date "1999.01.14"]
[Round "1"]
[White "Sylvain, Gabriel"]
[Black "Auger, Bertrand"]
[Result "0-1"]
[WhiteElo "1582"]
[BlackElo "2094"]
[PlyCount "67"]
[GameId "2160767911805775"]
[EventDate "1999.01.14"]
[EventType "swiss"]
[EventRounds "5"]
[EventCountry "CAN"]
[SourceTitle "EXT 2022"]
[Source "ChessBase"]
[SourceDate "2021.10.06"]
[SourceVersion "1"]
[SourceVersionDate "2021.10.06"]
[SourceQuality "1"]

1. e4 e6 2. d4 d5 3. Nd2 Nf6 4. e5 Nfd7 5. Ne2 c5 6. c3 Nc6 7. Nf3 cxd4 8. cxd4 f6 9. exf6 Nxf6 10. Nc3 Bd6 11. Be3 O-O 12. Bd3 Bd7 13. O-O a6 14. Rc1 Qe7 15. Na4 Rae8 16. Nb6 Qd8 17. Nxd7 Qxd7 18. Re1 Qd8 19. Bg5 Qb8 20. Bh4 g6 21. Bb1 Nh5 22. Bg3 Nf4 23. Re3 Rf6 24. a3 Kg7 25. Qd2 Ref8 26. Rce1 Ne7 27. Ng5 Nf5 28. Nxe6+ Nxe6 29. Rxe6 Nxg3 30. Rxf6 Rxf6 31. fxg3 Qf8 32. Ba2 Qf7 33. Qe2 Rf5 34. Qe6 0-1

[Event "Montcalm IV 1998-99"]
[Site "Quebec CAN"]
[Date "1999.05.08"]
[Round "1"]
[White "Masse, Hugues"]
[Black "Desmarais, Emmanuel"]
[Result "0-1"]
[WhiteElo "1721"]
[BlackElo "1875"]
[PlyCount "72"]
[GameId "2160767911805776"]
[EventDate "1999.01.14"]
[EventType "swiss"]
[EventRounds "5"]
[EventCountry "CAN"]
[SourceTitle "EXT 2009"]
[Source "ChessBase"]
[SourceDate "2008.11.26"]
[SourceVersion "1"]
[SourceVersionDate "2008.11.26"]
[SourceQuality "1"]

1. d4 d5 2. c4 c6 3. Nf3 e6 4. Nc3 dxc4 5. a4 Bb4 6. Bd2 a5 7. e3 b5 8. axb5 Bxc3 9. Bxc3 cxb5 10. b3 Bb7 11. d5 Nf6 12. bxc4 b4 13. Bxf6 Qxf6 14. Qa4+ Nd7 15. Nd4 Qe7 16. g3 O-O 17. Bg2 Nc5 18. Qd1 exd5 19. cxd5 Ba6 20. Bf1 Qe4 21. Qf3 Nd3+ 22. Bxd3 Qxd3 23. Ne2 b3 24. Rd1 Qb5 25. Nc3 Qb4 26. Kd2 Rac8 27. Rc1 b2 28. Rc2 Rxc3 29. Rxc3 b1=Q 30. Rxb1 Qxb1 31. d6 Qb2+ 32. Rc2 Qb4+ 33. Kc1 Qxd6 34. Qd1 Qa3+ 35. Rb2 Rc8+ 36. Kb1 Bd3+ 0-1

[Event "Montcalm IV 1998-99"]
[Site "Quebec CAN"]
[Date "1999.05.08"]
[Round "1"]
[White "Moss, Laurent"]
[Black "Mogilevsky, Olga"]
[Result "1-0"]
[WhiteElo "1947"]
[BlackElo "1736"]
[PlyCount "63"]
[GameId "2160767911805777"]
[EventDate "1999.01.14"]
[EventType "swiss"]
[EventRounds "5"]
[EventCountry "CAN"]
[SourceTitle "EXT 2009"]
[Source "ChessBase"]
[SourceDate "2008.11.26"]
[SourceVersion "1"]
[SourceVersionDate "2008.11.26"]
[SourceQuality "1"]

1. e4 e5 2. f4 d5 3. exd5 e4 4. d3 Qxd5 5. Nc3 Bb4 6. Bd2 Qe6 7. dxe4 Bxc3 8. Bxc3 Qxe4+ 9. Be2 Ne7 10. Nf3 Nf5 11. Qd3 Qxf4 12. Rf1 Qe3 13. Qc4 O-O 14. Nd4 Nxd4 15. Bxd4 Qe6 16. Qxc7 Nc6 17. Bc3 b5 18. O-O-O b4 19. Bd2 Qxa2 20. Bg5 Qe6 21. Bf3 Qg6 22. Bf4 b3 23. Qxc6 Bf5 24. Qxg6 Bxg6 25. Bxa8 bxc2 26. Rd2 Rxa8 27. Bc7 a5 28. Rd8+ Rxd8 29. Bxd8 a4 30. Be7 f6 31. Rf4 Kf7 32. Bc5 1-0

[Event "Montcalm IV 1998-99"]
[Site "Quebec CAN"]
[Date "1999.01.21"]
[Round "2"]
[White "Auger, Bertrand"]
[Black "Marquis, Paul"]
[Result "0-1"]
[WhiteElo "2094"]
[BlackElo "1829"]
[PlyCount "79"]
[GameId "2160767911805778"]
[EventDate "1999.01.14"]
[EventType "swiss"]
[EventRounds "5"]
[EventCountry "CAN"]
[SourceTitle "EXT 2022"]
[Source "ChessBase"]
[SourceDate "2021.10.06"]
[SourceVersion "1"]
[SourceVersionDate "2021.10.06"]
[SourceQuality "1"]

1. Nf3 d5 2. g3 Nf6 3. Bg2 g6 4. b3 Bg7 5. Bb2 O-O 6. O-O Nbd7 7. d4 c6 8. Nbd2 Qc7 9. c4 e6 10. Qc2 b6 11. Rac1 Bb7 12. Ne5 Rac8 13. e4 Nxe5 14. dxe5 Nxe4 15. Nxe4 dxe4 16. Qxe4 Ba8 17. c5 bxc5 18. Rxc5 Rfd8 19. Qe3 Bf8 20. Rfc1 Bxc5 21. Rxc5 Rd1+ 22. Bf1 Qd7 23. Bc3 Rd8 24. Kg2 Rd5 25. Bc4 Rxc5 26. Qxc5 Qd1 27. h3 Kg7 28. Ba5 Qd4 29. Bb4 Qe4+ 30. Kh2 Qd4 31. Qxd4 Rxd4 32. Bc5 Rd2 33. a4 a5 34. g4 f6 35. Bxe6 fxe5 36. g5 Rc2 37. Bc4 Bb7 38. Kg2 Ba6 39. Bxa6 Rxc5 40. Bc4 0-1

[Event "Montcalm IV 1998-99"]
[Site "Quebec CAN"]
[Date "1999.01.21"]
[Round "2"]
[White "Beaudry, Marc-Andre"]
[Black "Dumont, Eric"]
[Result "1/2-1/2"]
[WhiteElo "2087"]
[BlackElo "1557"]
[PlyCount "92"]
[GameId "2160767739706457"]
[EventDate "1999.01.14"]
[EventType "swiss"]
[EventRounds "5"]
[EventCountry "CAN"]

1. e4 e6 2. d4 d5 3. Nd2 Nf6 4. e5 Nfd7 5. Bd3 c5 6. c3 Nc6 7. Ne2 cxd4 8. cxd4 f6 9. exf6 Nxf6 10. Nf3 Bd6 11. O-O Qc7 12. Nc3 a6 13. a3 O-O 14. Bg5 Nh5 15. Ne5 g6 16. f4 Nxd4 17. Bxg6 Ng7 18. Bd3 Ndf5 19. Qc1 h6 20. Bh4 Qb6+ 21. Bf2 d4 22. Ne4 Bxe5 23. fxe5 Nh5 24. Qd2 Ne3 25. Bh4 Bd7 26. Rxf8+ Rxf8 27. Nf6+ Nxf6 28. Bxf6 Kf7 29. Qf2 Nf5 30. Qf3 Rg8 31. b4 Bc6 32. Qh5+ Rg6 33. Ra2 Bb5 34. Bxf5 exf5 35. Qxf5 Qe6 36. Qf2 Bc6 37. Bh4+ Kg7 38. Bg3 h5 39. h4 Qd5 40. Rd2 d3 41. Kh2 Qe4 42. Qb6 Rxg3 43. Kxg3 Qg4+ 44. Kf2 Qxh4+ 45. Ke3 Qe4+ 46. Kf2 Qh4+ {...} 1/2-1/2

[Event "Montcalm IV 1998-99"]
[Site "Quebec CAN"]
[Date "1999.01.21"]
[Round "2"]
[White "Caire, Francois"]
[Black "Moisan, Francois"]
[Result "1-0"]
[WhiteElo "1872"]
[BlackElo "1566"]
[PlyCount "67"]
[GameId "2160767911805779"]
[EventDate "1999.01.14"]
[EventType "swiss"]
[EventRounds "5"]
[EventCountry "CAN"]
[SourceTitle "EXT 2022"]
[Source "ChessBase"]
[SourceDate "2021.10.06"]
[SourceVersion "1"]
[SourceVersionDate "2021.10.06"]
[SourceQuality "1"]

1. d4 Nf6 2. c4 g6 3. Nc3 Bg7 4. e4 d6 5. f3 O-O 6. Be3 e5 7. d5 Nh5 8. Qd2 f5 9. exf5 gxf5 10. O-O-O f4 11. Bf2 Na6 12. g4 Nf6 13. Bd3 b6 14. h4 Nc5 15. Bxc5 bxc5 16. Qc2 e4 17. Nxe4 Nxe4 18. Bxe4 Rb8 19. Bxh7+ Kh8 20. b3 a5 21. Ne2 a4 22. Be4 axb3 23. axb3 Qf6 24. Kd2 Qe5 25. Rdg1 Bd7 26. h5 Ba4 27. Rb1 Bd7 28. Rbg1 Bf6 29. h6 Rb4 30. Rh5 Qe7 31. g5 Bd4 32. Nxd4 cxd4 33. g6 Rf5 34. g7+ 1-0

[Event "Montcalm IV 1998-99"]
[Site "Quebec CAN"]
[Date "1999.05.08"]
[Round "2"]
[White "Desmarais, Emmanuel"]
[Black "Moss, Laurent"]
[Result "1/2-1/2"]
[WhiteElo "1875"]
[BlackElo "1947"]
[PlyCount "57"]
[GameId "2160767911805780"]
[EventDate "1999.01.14"]
[EventType "swiss"]
[EventRounds "5"]
[EventCountry "CAN"]
[SourceTitle "EXT 2009"]
[Source "ChessBase"]
[SourceDate "2008.11.26"]
[SourceVersion "1"]
[SourceVersionDate "2008.11.26"]
[SourceQuality "1"]

1. e4 c5 2. Nc3 Nc6 3. g3 g6 4. Bg2 Bg7 5. d3 Rb8 6. f4 b5 7. Nf3 e6 8. O-O b4 9. Ne2 Nge7 10. g4 d5 11. e5 O-O 12. Be3 d4 13. Bf2 Nd5 14. Nd2 f6 15. exf6 Qxf6 16. f5 Nce7 17. Ne4 Qf7 18. f6 Bxf6 19. Nxf6+ Nxf6 20. Bg3 Rb6 21. g5 Nf5 22. gxf6 Ne3 23. Qd2 Nxf1 24. Rxf1 Bb7 25. Bh3 e5 26. Bxe5 Qd5 27. Qg5 Rf7 28. Ng3 Re6 29. Bf4 1/2-1/2

[Event "Montcalm IV 1998-99"]
[Site "Quebec CAN"]
[Date "1999.05.08"]
[Round "2"]
[White "Feoktistov, Dmitri"]
[Black "Roussel-Roozmon, Thomas"]
[Result "1/2-1/2"]
[WhiteElo "1977"]
[BlackElo "1800"]
[PlyCount "77"]
[GameId "2160767911805781"]
[EventDate "1999.01.14"]
[EventType "swiss"]
[EventRounds "5"]
[EventCountry "CAN"]
[SourceTitle "EXT 2009"]
[Source "ChessBase"]
[SourceDate "2008.11.26"]
[SourceVersion "1"]
[SourceVersionDate "2008.11.26"]
[SourceQuality "1"]

1. d4 Nf6 2. c4 e6 3. Nc3 Bb4 4. e3 O-O 5. Bd3 c5 6. Nf3 b6 7. O-O Bxc3 8. bxc3 Bb7 9. Ba3 Qe7 10. Rb1 d6 11. Re1 Nbd7 12. e4 Rfd8 13. Qe2 e5 14. d5 Nf8 15. Nh4 Bc8 16. Bc1 Ng6 17. Nxg6 fxg6 18. Bg5 Rf8 19. Bxf6 Rxf6 20. Rb2 Bd7 21. Reb1 Raf8 22. Qd1 Rb8 23. Bc2 Rff8 24. Ba4 Bxa4 25. Qxa4 Rf4 26. Qc2 Rff8 27. a4 a5 28. Rb5 Rb7 29. R5b2 Rbb8 30. Qb3 Rb7 31. Qb5 Rc8 32. h3 g5 33. Qb3 Rcb8 34. Qd1 Qf7 35. Qg4 Qf6 36. Rb5 h6 37. R1b2 Qe7 38. Re2 Qd7 39. Qxd7 1/2-1/2

[Event "Montcalm IV 1998-99"]
[Site "Quebec CAN"]
[Date "1999.05.08"]
[Round "2"]
[White "Mogilevsky, Olga"]
[Black "Lavroskaja, Alexandra"]
[Result "1-0"]
[WhiteElo "1736"]
[BlackElo "1442"]
[PlyCount "37"]
[GameId "2160767911805782"]
[EventDate "1999.01.14"]
[EventType "swiss"]
[EventRounds "5"]
[EventCountry "CAN"]
[SourceTitle "EXT 2009"]
[Source "ChessBase"]
[SourceDate "2008.11.26"]
[SourceVersion "1"]
[SourceVersionDate "2008.11.26"]
[SourceQuality "1"]

1. e4 c5 2. Nf3 e6 3. d4 cxd4 4. Nxd4 a6 5. a4 Nc6 6. g3 Bc5 7. Nb3 Ba7 8. Bg2 Nf6 9. Nc3 O-O 10. O-O b6 11. e5 Ne8 12. Bxc6 Rb8 13. Bg2 Bb7 14. Ne4 d5 15. exd6 Bxe4 16. Bxe4 Nxd6 17. Bg2 Qe7 18. Nd4 Rfd8 19. Bd2 1-0

[Event "Montcalm IV 1998-99"]
[Site "Quebec CAN"]
[Date "1999.05.08"]
[Round "2"]
[White "Tessier, Olivier"]
[Black "Caire, Francois"]
[Result "1-0"]
[WhiteElo "1789"]
[BlackElo "1857"]
[PlyCount "61"]
[GameId "2160767911805783"]
[EventDate "1999.01.14"]
[EventType "swiss"]
[EventRounds "5"]
[EventCountry "CAN"]
[SourceTitle "EXT 2009"]
[Source "ChessBase"]
[SourceDate "2008.11.26"]
[SourceVersion "1"]
[SourceVersionDate "2008.11.26"]
[SourceQuality "1"]

1. d4 Nf6 2. c4 e6 3. Nf3 b6 4. g3 Ba6 5. Qa4 c5 6. Bg2 Bb7 7. dxc5 bxc5 8. O-O Be7 9. Nc3 O-O 10. Qc2 Qb6 11. e4 Nc6 12. e5 Ng4 13. Bf4 f6 14. exf6 Nxf6 15. Na4 Qa6 16. Be3 d6 17. a3 e5 18. Ng5 Nd4 19. Bxd4 cxd4 20. Bxb7 Qxb7 21. f4 Rfc8 22. fxe5 dxe5 23. Rxf6 Bxf6 24. Qxh7+ Kf8 25. Rf1 Ke7 26. Qg6 Rf8 27. Rxf6 gxf6 28. Qg7+ Kd6 29. Qxb7 fxg5 30. Qd5+ Kc7 31. Qxe5+ 1-0

[Event "Montcalm IV 1998-99"]
[Site "Quebec CAN"]
[Date "1999.01.28"]
[Round "3"]
[White "Auger, Bertrand"]
[Black "Delisle, Louis-Martin"]
[Result "1-0"]
[WhiteElo "2094"]
[BlackElo "1572"]
[PlyCount "37"]
[GameId "2160767911805784"]
[EventDate "1999.01.14"]
[EventType "swiss"]
[EventRounds "5"]
[EventCountry "CAN"]
[SourceTitle "EXT 2022"]
[Source "ChessBase"]
[SourceDate "2021.10.06"]
[SourceVersion "1"]
[SourceVersionDate "2021.10.06"]
[SourceQuality "1"]

1. f4 g6 2. Nf3 Bg7 3. d4 d6 4. e4 Nf6 5. Bd3 O-O 6. Nbd2 c5 7. d5 b5 8. c4 b4 9. O-O a5 10. Rb1 a4 11. h3 Nh5 12. Nh2 e5 13. f5 Nf4 14. Ndf3 Nd7 15. Ne1 Nxd3 16. Qxd3 Qh4 17. g4 gxf5 18. exf5 e4 19. Qe3 1-0

[Event "Montcalm IV 1998-99"]
[Site "Quebec CAN"]
[Date "1999.01.28"]
[Round "3"]
[White "Sauve, Richard"]
[Black "Caire, Francois"]
[Result "1/2-1/2"]
[WhiteElo "1975"]
[BlackElo "1872"]
[PlyCount "125"]
[GameId "2160767911805785"]
[EventDate "1999.01.14"]
[EventType "swiss"]
[EventRounds "5"]
[EventCountry "CAN"]
[SourceTitle "EXT 2022"]
[Source "ChessBase"]
[SourceDate "2021.10.06"]
[SourceVersion "1"]
[SourceVersionDate "2021.10.06"]
[SourceQuality "1"]

1. e4 c5 2. c3 d5 3. exd5 Qxd5 4. d4 Nf6 5. Nf3 Bg4 6. Be2 e6 7. O-O Nc6 8. Na3 cxd4 9. Nb5 Rc8 10. Nbxd4 Be7 11. Be3 Qa5 12. Nxc6 bxc6 13. Nd4 Bxe2 14. Qxe2 O-O 15. Nb3 Qa4 16. Bc5 Bxc5 17. Nxc5 Qb5 18. Qe5 Rfd8 19. b4 Nd7 20. Nxd7 Rxd7 21. Qe4 Rcd8 22. c4 Qa6 23. Rfc1 Rd4 24. Qe3 Rxc4 25. Rd1 Qc8 26. Qxa7 Rxb4 27. Qe7 Rbd4 28. Rxd4 Rxd4 29. a4 Qd8 30. Qxd8+ Rxd8 31. Kf1 Kf8 32. Rc1 Rc8 33. Rb1 Rc7 34. Ke2 Ke7 35. Kd3 Ra7 36. Ra1 Kd6 37. Kc4 c5 38. Kb5 Rb7+ 39. Ka6 Kc6 40. Ra2 Rb6+ 41. Ka7 Rb4 42. a5 c4 43. Rc2 Kc5 44. a6 Rb3 45. Rd2 c3 46. Rd8 Rb2 47. Rc8+ Kd4 48. Rd8+ Kc4 49. Rc8+ Kd3 50. Rd8+ Ke2 51. Rb8 Kd1 52. Rb6 c2 53. Rxb2 c1=Q 54. Rb6 Qc5 55. Kb7 Qd5+ 56. Rc6 Qb5+ 57. Kc7 Qa5+ 58. Kb7 Qb4+ 59. Kc7 Qe7+ 60. Kb6 Qd8+ 61. Kb7 Qd7+ 62. Kb6 Qd4+ 63. Kb7 1/2-1/2

[Event "Montcalm IV 1998-99"]
[Site "Quebec CAN"]
[Date "1999.05.09"]
[Round "3"]
[White "Caire, Francois"]
[Black "Desmarais, Emmanuel"]
[Result "1-0"]
[WhiteElo "1897"]
[BlackElo "1875"]
[PlyCount "93"]
[GameId "2160767911805786"]
[EventDate "1999.01.14"]
[EventType "swiss"]
[EventRounds "5"]
[EventCountry "CAN"]
[SourceTitle "EXT 2009"]
[Source "ChessBase"]
[SourceDate "2008.11.26"]
[SourceVersion "1"]
[SourceVersionDate "2008.11.26"]
[SourceQuality "1"]

1. d4 c6 2. e4 d5 3. Nc3 dxe4 4. Nxe4 Bf5 5. Ng3 Bg6 6. Nf3 Nd7 7. h4 h6 8. h5 Bh7 9. Bd3 Bxd3 10. Qxd3 Ngf6 11. Bf4 Qa5+ 12. Bd2 Qc7 13. O-O-O O-O-O 14. Ne4 e6 15. g3 Nxe4 16. Qxe4 Nf6 17. Qe2 Bd6 18. c4 c5 19. Bc3 Kb8 20. d5 exd5 21. Bxf6 gxf6 22. Rxd5 Rhe8 23. Qd2 Bf8 24. Rd1 Kc8 25. Qd3 Qb6 26. Qf5+ Qe6 27. Qf4 Rxd5 28. Rxd5 Qe2 29. Rd2 Qe4 30. Qxe4 Rxe4 31. b3 Kc7 32. Kc2 Bd6 33. Rd5 Re2+ 34. Rd2 Rxd2+ 35. Kxd2 Kd7 36. Nh4 Ke6 37. Ke3 f5 38. f4 Be7 39. Nf3 Bf6 40. Kd3 a6 41. a4 Kd6 42. Nh2 Kc6 43. g4 fxg4 44. Nxg4 Bg7 45. Ke4 Kd6 46. Kf5 Ke7 47. Ne5 1-0

[Event "Montcalm IV 1998-99"]
[Site "Quebec CAN"]
[Date "1999.05.09"]
[Round "3"]
[White "Masse, Hugues"]
[Black "Mogilevsky, Olga"]
[Result "1-0"]
[WhiteElo "1721"]
[BlackElo "1736"]
[PlyCount "131"]
[GameId "2160767911805787"]
[EventDate "1999.01.14"]
[EventType "swiss"]
[EventRounds "5"]
[EventCountry "CAN"]
[SourceTitle "EXT 2009"]
[Source "ChessBase"]
[SourceDate "2008.11.26"]
[SourceVersion "1"]
[SourceVersionDate "2008.11.26"]
[SourceQuality "1"]

1. d4 Nf6 2. c4 e6 3. Nc3 Bb4 4. e3 c5 5. Bd3 Nc6 6. Nf3 d6 7. Qc2 O-O 8. Bd2 Re8 9. a3 Bxc3 10. Bxc3 e5 11. dxe5 dxe5 12. Ng5 h6 13. Ne4 b6 14. O-O Bb7 15. Nxf6+ Qxf6 16. f4 Qe7 17. f5 f6 18. Be4 Nd8 19. Bd5+ Nf7 20. e4 Kh8 21. Rad1 Red8 22. Qe2 Rd6 23. Rd3 Bxd5 24. cxd5 b5 25. Bd2 Rd7 26. Rc1 Rc7 27. Ba5 Rcc8 28. Rdc3 a6 29. Bb4 Qd8 30. Bxc5 Kh7 31. b4 Nd6 32. Bxd6 Rxc3 33. Rxc3 Qxd6 34. Rc6 Qd7 35. Qc2 Qa7+ 36. Qc5 Qf7 37. Rc8 Rxc8 38. Qxc8 Qh5 39. Qc2 Qg5 40. Qc3 Qh5 41. Qe1 Qf7 42. h3 Qa7+ 43. Qf2 Qf7 44. Qd2 Qa7+ 45. Kh2 Kg8 46. d6 Qd7 47. Qd5+ Kf8 48. Qe6 Qe8 49. d7 Qe7 50. Kg3 Qd8 51. Kg4 Qe7 52. Qxe7+ Kxe7 53. Kh5 Kxd7 54. Kg6 Ke7 55. Kxg7 h5 56. Kg6 h4 57. Kg7 Ke8 58. Kxf6 Kf8 59. Ke6 Ke8 60. f6 Kf8 61. f7 a5 62. bxa5 b4 63. a6 b3 64. a7 b2 65. a8=Q+ Kg7 66. Qg8+ 1-0

[Event "Montcalm IV 1998-99"]
[Site "Quebec CAN"]
[Date "1999.05.09"]
[Round "3"]
[White "Moss, Laurent"]
[Black "Tessier, Olivier"]
[Result "1-0"]
[WhiteElo "1947"]
[BlackElo "1789"]
[PlyCount "69"]
[GameId "2160767911805788"]
[EventDate "1999.01.14"]
[EventType "swiss"]
[EventRounds "5"]
[EventCountry "CAN"]
[SourceTitle "EXT 2009"]
[Source "ChessBase"]
[SourceDate "2008.11.26"]
[SourceVersion "1"]
[SourceVersionDate "2008.11.26"]
[SourceQuality "1"]

1. e4 c5 2. Nf3 Nf6 3. e5 Nd5 4. Nc3 e6 5. Nxd5 exd5 6. d4 Nc6 7. dxc5 Bxc5 8. Bd3 d6 9. exd6 Bxd6 10. O-O O-O 11. Ng5 h6 12. Qh5 Ne5 13. Bh7+ Kh8 14. f4 Bc5+ 15. Kh1 Qf6 16. Bd2 Ng4 17. Bc3 d4 18. Ne4 g6 19. Qxc5 Qd8 20. Bxd4+ Kxh7 21. f5 Bxf5 22. Rxf5 b6 23. Qd5 Qc7 24. Nf6+ Nxf6 25. Bxf6 Qxc2 26. Rff1 Rae8 27. Bc3 Re6 28. Qxe6 fxe6 29. Rxf8 g5 30. Raf1 Kg6 31. R8f6+ Kh5 32. h3 Qe4 33. Kh2 g4 34. Bd2 g3+ 35. Kh1 1-0